[Event "28. Abierto Ciudad de Sevilla"]
[Site "Sevilla ESP"]
[Date "2003.01.12"]
[Round "3"]
[White "Xu, Yuan"]
[Black "Cifuentes Parada, Roberto"]
[Result "0-1"]
[WhiteElo "2325"]
[BlackElo "2506"]
[PlyCount "134"]
[EventDate "2003.01.18"]
[EventType "swiss"]
[EventRounds "9"]
[EventCountry "ESP"]
[Source "lmi"]
[SourceDate "2003.01.10"]

1. d4 d5 2. c4 dxc4 3. Nf3 Nf6 4. e3 e6 5. Bxc4 c5 6. O-O Nc6 7. Qe2 cxd4 8.
Rd1 Be7 9. exd4 O-O 10. Nc3 Na5 11. Bd3 b6 12. Bg5 Bb7 13. Rac1 Rc8 14. Bb1 Nd5
15. Qe4 g6 16. Qh4 f6 17. Bh6 Nxc3 18. Rxc3 Rxc3 19. Bxf8 Rc7 20. Bh6 Nc4 21.
Qg3 Bf8 22. Bf4 e5 23. Bc1 e4 24. Nd2 Nd6 25. Qb3+ Kh8 26. Nf1 Rd7 27. Ng3 Bg7
28. h4 f5 29. h5 Ba6 30. hxg6 hxg6 31. Qe6 Kh7 32. Bg5 Qe8 33. d5 Qf7 34. f3
exf3 35. gxf3 Bc4 36. Bf4 Bf8 37. Qxf7+ Nxf7 38. Nxf5 Rxd5 39. Rxd5 Bxd5 40.
Nh4 Nh8 41. Bg5 Bc4 42. Kg2 Kg7 43. Bf4 Kf6 44. Bc7 g5 45. Bd8+ Be7 46. Bxe7+
Kxe7 47. Nf5+ Kf6 48. Ne3 Be6 49. Kg3 Ke5 50. Ng2 Nf7 51. f4+ gxf4+ 52. Nxf4
Bf5 53. Ng6+ Bxg6 54. Bxg6 Nd6 55. Kf3 Kd4 56. Ke2 Nc4 57. b3 Ne5 58. Bf5 Kc3
59. Be6 Nc6 60. Ke3 Nb4 61. Ke4 Nxa2 62. Kd5 Nb4+ 63. Kd6 Nd3 64. Kc7 Nc5 65.
Bf7 Kb4 66. Be8 b5 67. Bh5 Nxb3 0-1

[Event "28. Abierto Ciudad de Sevilla"]
[Site "Sevilla ESP"]
[Date "2003.01.12"]
[Round "3"]
[White "Maus, Siegfried"]
[Black "Cabrera, Alexis"]
[Result "1-0"]
[WhiteElo "2280"]
[BlackElo "2478"]
[PlyCount "143"]
[EventDate "2003.01.18"]
[EventType "swiss"]
[EventRounds "9"]
[EventCountry "ESP"]
[Source "lmi"]
[SourceDate "2003.01.10"]

1. d4 Nf6 2. Nf3 g6 3. Bg5 Bg7 4. c3 b6 5. Nbd2 Bb7 6. e3 d6 7. Be2 Nbd7 8. O-O
h6 9. Bh4 g5 10. Bg3 Nh5 11. a4 a6 12. Qb1 e6 13. b4 O-O 14. a5 b5 15. c4 bxc4
16. Bxc4 g4 17. Bh4 Qe8 18. Ne1 c5 19. bxc5 dxc5 20. Nc2 cxd4 21. Nxd4 Ne5 22.
Ra3 Ra7 23. Be2 Ng6 24. Bg3 Nxg3 25. hxg3 Ne5 26. Rc1 Qa8 27. Bf1 Rd8 28. Rb3
Bd5 29. Rb6 Nd7 30. Rb2 Rc8 31. Rxc8+ Qxc8 32. Rc2 Qd8 33. Qb4 Bf8 34. Qc3 Nc5
35. Nc4 Ne4 36. Qe1 Bc5 37. Nb3 Rc7 38. Qd1 Qg5 39. Nxc5 Nxc5 40. Rb2 Rd7 41.
Rb8+ Rd8 42. Rxd8+ Qxd8 43. Qxg4+ Kf8 44. Qd4 Nb3 45. Qh8+ Ke7 46. Qxh6 Bxc4
47. Qh4+ f6 48. Qxc4 Nxa5 49. Qxa6 Qc7 50. Qd3 Qc5 51. g4 Nc6 52. Qb5 Qd6 53.
g5 Kf7 54. gxf6 Kxf6 55. Qd3 Qe5 56. Qh7 Qg5 57. Be2 Qa5 58. Qh4+ Kg7 59. Qg4+
Kf6 60. Qf3+ Ke7 61. Qxc6 Qa1+ 62. Bf1 Kf6 63. Qe8 Qe1 64. Qf8+ Kg6 65. g3 Qb1
66. Kg2 Qc2 67. Bb5 Qe4+ 68. Qf3 Qb4 69. Be8+ Kg7 70. Qf7+ Kh8 71. Qf6+ Kh7 72.
Bg6+ 1-0

[Event "28. Abierto Ciudad de Sevilla"]
[Site "Sevilla ESP"]
[Date "2003.01.12"]
[Round "3"]
[White "Lin, Ta"]
[Black "Korneev, Oleg"]
[Result "1/2-1/2"]
[WhiteElo "2360"]
[BlackElo "2613"]
[PlyCount "112"]
[EventDate "2003.01.18"]
[EventType "swiss"]
[EventRounds "9"]
[EventCountry "ESP"]
[Source "lmi"]
[SourceDate "2003.01.10"]

1. d4 d5 2. c4 e6 3. Nc3 c6 4. Nf3 Nf6 5. e3 Nbd7 6. Qc2 Bd6 7. Bd3 O-O 8. O-O
dxc4 9. Bxc4 a6 10. e4 e5 11. dxe5 Nxe5 12. Nxe5 Bxe5 13. Ne2 Re8 14. f3 Qd6
15. g3 Bh3 16. Rf2 b5 17. Bb3 c5 18. a3 c4 19. Ba2 Rad8 20. Bf4 Qd3 21. Qc1 Nd7
22. Bb1 Qd6 23. Bc2 Qc5 24. Rb1 Bxf4 25. Nxf4 Be6 26. Kg2 Ne5 27. Re2 Rd6 28.
Nxe6 fxe6 29. Qg5 h6 30. Qh5 Red8 31. f4 Rd2 32. Rbe1 Qe3 33. Bb1 Nd3 34. Kf1
Rxe2 35. Qxe2 Qd4 36. Rd1 e5 37. f5 Rd6 38. b3 Kf8 39. bxc4 bxc4 40. Ba2 Ke7
41. Rb1 c3 42. Bb3 g6 43. Kg2 Nc5 44. Bd5 Rxd5 45. exd5 gxf5 46. Rd1 Qe4+ 47.
Qxe4 Nxe4 48. Kf3 Kd6 49. Ke2 h5 50. Ke3 Nc5 51. Rc1 f4+ 52. gxf4 exf4+ 53. Kf3
Na4 54. Ke4 Nc5+ 55. Kf3 Na4 56. Ke4 Nc5+ 1/2-1/2

[Event "28. Abierto Ciudad de Sevilla"]
[Site "Sevilla ESP"]
[Date "2003.01.12"]
[Round "3"]
[White "Cadenas Falcon, Jose Antonio"]
[Black "Salido Monge, Joaquin"]
[Result "0-1"]
[WhiteElo "1470"]
[BlackElo "1928"]
[PlyCount "70"]
[EventDate "2003.01.18"]
[EventType "swiss"]
[EventRounds "9"]
[EventCountry "ESP"]
[Source "lmi"]
[SourceDate "2003.01.10"]

1. d4 Nf6 2. Nf3 g6 3. c4 Bg7 4. Nc3 d6 5. e4 O-O 6. Bd3 Nbd7 7. O-O c5 8. d5
Ng4 9. h3 Nge5 10. Nxe5 Nxe5 11. Be2 f5 12. f4 Nf7 13. exf5 Bxf5 14. Bd3 Qd7
15. g4 Bxd3 16. Qxd3 Nh6 17. Kh2 Rae8 18. Bd2 Bd4 19. f5 Kg7 20. Bxh6+ Kxh6 21.
fxg6 hxg6 22. Ne2 Be5+ 23. Kh1 Kg7 24. Qc2 Rh8 25. Kg2 Rxh3 26. Kxh3 Rh8+ 27.
Kg2 Qxg4+ 28. Kf2 Bg3+ 29. Ke3 Qg5+ 30. Kd3 Rh3 31. Rf3 Be1 32. Ng3 Rxg3 33.
Qe2 Rxf3+ 34. Qxf3 Qd2+ 35. Ke4 Qd4# 0-1

[Event "28. Abierto Ciudad de Sevilla"]
[Site "Sevilla ESP"]
[Date "2003.01.13"]
[Round "4"]
[White "Insua Mellado, Jose Luis"]
[Black "Matamoros Franco, Carlos S"]
[Result "0-1"]
[WhiteElo "2195"]
[BlackElo "2460"]
[PlyCount "60"]
[EventDate "2003.01.18"]
[EventType "swiss"]
[EventRounds "9"]
[EventCountry "ESP"]
[Source "lmi"]
[SourceDate "2003.01.10"]

1. d4 Nf6 2. Nf3 c5 3. c3 Qc7 4. g3 g6 5. Bg2 Bg7 6. O-O O-O 7. Bg5 d6 8. Nbd2
Nc6 9. Bxf6 exf6 10. e3 f5 11. Ne1 b6 12. Qa4 Bd7 13. Qd1 Rab8 14. Nd3 Ne7 15.
Nf4 b5 16. a3 a5 17. Nd5 Nxd5 18. Bxd5 Bf6 19. Qf3 Kg7 20. h4 cxd4 21. exd4 b4
22. axb4 axb4 23. Rfc1 bxc3 24. bxc3 Rb5 25. Rab1 Rfb8 26. Rxb5 Rxb5 27. Re1
Rxd5 28. Qxd5 Qxc3 29. Qa2 Bxd4 30. Re7 Qxg3+ 0-1

[Event "28. Abierto Ciudad de Sevilla"]
[Site "Sevilla ESP"]
[Date "2003.01.13"]
[Round "4"]
[White "Xu, Jun"]
[Black "Razmyslov, Alexander"]
[Result "1-0"]
[WhiteElo "2626"]
[BlackElo "2345"]
[PlyCount "77"]
[EventDate "2003.01.18"]
[EventType "swiss"]
[EventRounds "9"]
[EventCountry "ESP"]
[Source "lmi"]
[SourceDate "2003.01.10"]

1. Nf3 g6 2. d4 Nf6 3. c4 Bg7 4. Nc3 d5 5. cxd5 Nxd5 6. e4 Nxc3 7. bxc3 O-O 8.
Be2 c5 9. O-O cxd4 10. cxd4 Nc6 11. Be3 Bg4 12. d5 Bxf3 13. Bxf3 Ne5 14. Be2 f5
15. f4 Ng4 16. Bxg4 Bxa1 17. exf5 gxf5 18. Bxf5 Rxf5 19. Qg4+ Bg7 20. Qxf5 Qa5
21. Qd7 b6 22. a4 Kh8 23. Rc1 Rg8 24. Kf2 Bf6 25. Qb5 Qxb5 26. axb5 Rd8 27. Rd1
h5 28. Kf3 Kg7 29. Ke4 Kf7 30. Rc1 Rd7 31. Rc6 h4 32. g4 hxg3 33. hxg3 Bb2 34.
g4 Ba3 35. g5 Bd6 36. f5 Rd8 37. g6+ Kf6 38. Bf4 e5 39. Bxe5+ 1-0

[Event "28. Abierto Ciudad de Sevilla"]
[Site "Sevilla ESP"]
[Date "2003.01.13"]
[Round "4"]
[White "Korneev, Oleg"]
[Black "Barrero Garcia, Carlos"]
[Result "1-0"]
[WhiteElo "2613"]
[BlackElo "2325"]
[PlyCount "41"]
[EventDate "2003.01.18"]
[EventType "swiss"]
[EventRounds "9"]
[EventCountry "ESP"]
[Source "lmi"]
[SourceDate "2003.01.10"]

1. e4 e6 2. d4 d5 3. Nd2 c5 4. exd5 Qxd5 5. Ngf3 cxd4 6. Bc4 Qd6 7. O-O Nf6 8.
Re1 Nc6 9. Ne4 Qc7 10. Nxd4 a6 11. Nxf6+ gxf6 12. Nxc6 Qxc6 13. Bd5 Qc7 14. Qh5
Kd8 15. Bd2 Bd6 16. Bc3 Ke7 17. Qh4 e5 18. f4 Qc5+ 19. Kh1 Qxd5 20. fxe5 Be6
21. Rad1 1-0

[Event "28. Abierto Ciudad de Sevilla"]
[Site "Sevilla ESP"]
[Date "2003.01.13"]
[Round "4"]
[White "Marchand, Francois"]
[Black "Lalic, Bogdan"]
[Result "0-1"]
[WhiteElo "2280"]
[BlackElo "2547"]
[PlyCount "72"]
[EventDate "2003.01.18"]
[EventType "swiss"]
[EventRounds "9"]
[EventCountry "ESP"]
[Source "lmi"]
[SourceDate "2003.01.10"]

1. d4 d6 2. Nf3 Bg4 3. e4 Nf6 4. Nc3 e6 5. h3 Bh5 6. Qe2 c6 7. g4 Bg6 8. h4 h5
9. g5 Nfd7 10. Bg2 Be7 11. Be3 d5 12. Nd2 Na6 13. O-O Nb4 14. Nb3 dxe4 15. Nxe4
Nd5 16. c4 Nxe3 17. Qxe3 Qc7 18. Rac1 O-O 19. Ng3 c5 20. d5 exd5 21. Bxd5 Rfe8
22. f4 Bxg5 23. Qf3 Bh6 24. Bxb7 Rab8 25. Bc6 Bxf4 26. Bxd7 Be3+ 27. Kg2 Qxd7
28. Rce1 Bd4 29. Nxh5 Rxe1 30. Rxe1 Bxh5 31. Qxh5 Rb6 32. Nxd4 cxd4 33. b3 d3
34. Qf3 Rg6+ 35. Kh1 d2 36. Rd1 Qd4 0-1

[Event "28. Abierto Ciudad de Sevilla"]
[Site "Sevilla ESP"]
[Date "2003.01.13"]
[Round "4"]
[White "Rausis, Igors"]
[Black "Nicholson, John G"]
[Result "1-0"]
[WhiteElo "2541"]
[BlackElo "2175"]
[PlyCount "57"]
[EventDate "2003.01.18"]
[EventType "swiss"]
[EventRounds "9"]
[EventCountry "ESP"]
[Source "lmi"]
[SourceDate "2003.01.10"]

1. e4 c5 2. Nf3 e6 3. c4 Nc6 4. Nc3 a6 5. Be2 Nge7 6. O-O Nd4 7. Nxd4 cxd4 8.
Nb1 g6 9. d3 Bg7 10. Nd2 O-O 11. b4 d6 12. a4 e5 13. Ba3 f5 14. Bf3 Kh8 15. b5
f4 16. c5 dxc5 17. Bxc5 axb5 18. axb5 Rxa1 19. Qxa1 g5 20. h3 Rg8 21. Nc4 Be6
22. Nd6 b6 23. Bb4 Qd7 24. Bg4 Ng6 25. Bxe6 Qxe6 26. Qa7 Ne7 27. Qd7 Qf6 28.
Rc1 f3 29. Rc7 1-0

[Event "28. Abierto Ciudad de Sevilla"]
[Site "Sevilla ESP"]
[Date "2003.01.13"]
[Round "4"]
[White "Gonzalez Custodio, Rafael"]
[Black "Fernandez Romero, Ernesto"]
[Result "0-1"]
[WhiteElo "2201"]
[BlackElo "2396"]
[PlyCount "76"]
[EventDate "2003.01.18"]
[EventType "swiss"]
[EventRounds "9"]
[EventCountry "ESP"]
[Source "lmi"]
[SourceDate "2003.01.10"]

1. Nf3 Nf6 2. d4 c5 3. c3 cxd4 4. cxd4 d5 5. Nc3 Nc6 6. g3 Bf5 7. Qb3 Na5 8.
Qa4+ Bd7 9. Qd1 e6 10. Bg2 Be7 11. O-O O-O 12. Ne5 Rc8 13. Bg5 b5 14. Bxf6 Bxf6
15. Nxd7 Qxd7 16. e3 Nc4 17. Qg4 Rc7 18. b3 Na3 19. Rac1 Qd6 20. Ne2 Rfc8 21.
Rxc7 Rxc7 22. Nf4 Be7 23. h4 Rc2 24. Ra1 Bf8 25. Nh5 Qc7 26. Nf4 Qc3 27. Rf1
Qc7 28. Ra1 Rd2 29. h5 h6 30. Bh3 b4 31. Qf3 Qc6 32. g4 Nb5 33. Bf1 Qc3 34.
Bxb5 Qxa1+ 35. Kg2 Qc3 36. Be8 Qc7 37. g5 Qe7 38. Nh3 Qxe8 0-1

[Event "28. Abierto Ciudad de Sevilla"]
[Site "Sevilla ESP"]
[Date "2003.01.13"]
[Round "4"]
[White "Prakken, Gerrit"]
[Black "Campora Perez, Daniel"]
[Result "0-1"]
[WhiteElo "2278"]
[BlackElo "2505"]
[PlyCount "76"]
[EventDate "2003.01.18"]
[EventType "swiss"]
[EventRounds "9"]
[EventCountry "ESP"]
[Source "lmi"]
[SourceDate "2003.01.10"]

1. d4 Nf6 2. Nf3 e6 3. c4 b6 4. g3 Ba6 5. Qa4 Bb7 6. Bg2 c5 7. dxc5 bxc5 8. O-O
Be7 9. Nc3 O-O 10. Bf4 d6 11. Rfd1 Qb6 12. Rab1 Na6 13. Qb5 Rfd8 14. a3 Nc7 15.
Qa4 a5 16. Qc2 h6 17. h3 Bc6 18. b3 Rac8 19. Ne1 Bxg2 20. Kxg2 Na6 21. Kg1 Nb8
22. Nf3 Nc6 23. Be3 Qb7 24. Qd3 d5 25. cxd5 exd5 26. Na4 d4 27. Bd2 Rd5 28. Nb2
Rh5 29. Nc4 Qd7 30. h4 Qh3 31. e3 g5 32. Qf1 Qf5 33. Qg2 gxh4 34. Nxh4 Rxh4 35.
gxh4+ Kh7 36. Kf1 Rg8 37. e4 Nxe4 38. Qh2 Qf3 0-1

[Event "28. Abierto Ciudad de Sevilla"]
[Site "Sevilla ESP"]
[Date "2003.01.13"]
[Round "4"]
[White "Li, Wenliang"]
[Black "Oviedo Rodriguez, Juan Jose"]
[Result "1-0"]
[WhiteElo "2497"]
[BlackElo "1984"]
[PlyCount "75"]
[EventDate "2003.01.18"]
[EventType "swiss"]
[EventRounds "9"]
[EventCountry "ESP"]
[Source "lmi"]
[SourceDate "2003.01.10"]

1. d4 Nf6 2. c4 g6 3. Nc3 Bg7 4. e4 d6 5. Be2 O-O 6. Nf3 e5 7. O-O Nc6 8. d5
Ne7 9. Nd2 Ne8 10. b4 f5 11. c5 Kh8 12. f3 f4 13. Nc4 Ng8 14. a4 Rf7 15. Ba3
Ngf6 16. b5 b6 17. cxd6 cxd6 18. a5 g5 19. Bb4 Rb8 20. axb6 axb6 21. Na4 Bf8
22. Naxb6 Bb7 23. g4 fxg3 24. hxg3 Nh5 25. Kg2 Nef6 26. Rh1 g4 27. Be1 Rg7 28.
fxg4 Nxg3 29. Bxg3 Nxe4 30. Ra3 Nf6 31. Bh4 Be7 32. Bxf6 Bxf6 33. Rah3 Qg8 34.
Ne3 Bd8 35. Nbc4 Bg5 36. Bf3 Rf8 37. Be4 h6 38. Rxh6+ 1-0

[Event "28. Abierto Ciudad de Sevilla"]
[Site "Sevilla ESP"]
[Date "2003.01.13"]
[Round "4"]
[White "Sanchez Quiroga, Miguel Angel"]
[Black "Garcia Luque, Agustin"]
[Result "0-1"]
[WhiteElo "2250"]
[BlackElo "2406"]
[PlyCount "56"]
[EventDate "2003.01.18"]
[EventType "swiss"]
[EventRounds "9"]
[EventCountry "ESP"]
[Source "lmi"]
[SourceDate "2003.01.10"]

1. e4 c6 2. d4 d5 3. Nc3 dxe4 4. Nxe4 Nd7 5. Ng5 Ngf6 6. Bd3 e6 7. N1f3 Bd6 8.
Qe2 h6 9. Ne4 Nxe4 10. Qxe4 Qc7 11. Bd2 c5 12. Qe2 O-O 13. O-O b6 14. h3 Bb7
15. Rfe1 Nf6 16. c3 Bf4 17. Bxf4 Qxf4 18. Qe5 Qxe5 19. dxe5 Rfd8 20. Bc2 Bxf3
21. gxf3 Rd2 22. Bb3 Nh5 23. Rad1 Rad8 24. Rxd2 Rxd2 25. Kg2 Nf4+ 26. Kg3 Nd3
27. Re4 Nxb2 28. Re1 c4 0-1

[Event "28. Abierto Ciudad de Sevilla"]
[Site "Sevilla ESP"]
[Date "2003.01.13"]
[Round "4"]
[White "Pinkus, Lutz"]
[Black "Estremera Panos, Sergio"]
[Result "0-1"]
[WhiteElo "2155"]
[BlackElo "2354"]
[PlyCount "106"]
[EventDate "2003.01.18"]
[EventType "swiss"]
[EventRounds "9"]
[EventCountry "ESP"]
[Source "lmi"]
[SourceDate "2003.01.10"]

1. e4 c5 2. c3 Nf6 3. e5 Nd5 4. d4 cxd4 5. Nf3 Nc6 6. Bc4 Nb6 7. Bb3 d5 8. exd6
Qxd6 9. O-O Be6 10. Bxe6 Qxe6 11. Nxd4 Nxd4 12. cxd4 Qd7 13. Nc3 e6 14. Qg4 g6
15. d5 e5 16. Qxd7+ Kxd7 17. Bg5 Bg7 18. f4 exf4 19. Rxf4 f5 20. Rf3 Rhe8 21.
Rh3 h5 22. Rd3 Nc4 23. Rb1 Rac8 24. Kf1 b6 25. Nd1 Re4 26. Nf2 Ree8 27. b3 Ne5
28. Rd2 Nf7 29. Nh3 Re4 30. g3 Rc3 31. Kg2 Re8 32. Rbd1 Nxg5 33. Nxg5 Bh6 34.
h4 Bxg5 35. hxg5 Ree3 36. Kh2 Rxg3 37. Re1 Rge3 38. Rxe3 Rxe3 39. Rc2 Re4 40.
Rc6 Rh4+ 41. Kg3 Rg4+ 42. Kf3 Rxg5 43. Kf4 Rg2 44. Rf6 Rg4+ 45. Kf3 h4 46. Rf7+
Kd6 47. Rxa7 Kxd5 48. Rd7+ Kc6 49. Rf7 b5 50. a4 bxa4 51. bxa4 Kd5 52. a5 Rg3+
53. Kf4 g5+ 0-1

[Event "28. Abierto Ciudad de Sevilla"]
[Site "Sevilla ESP"]
[Date "2003.01.13"]
[Round "4"]
[White "Candela Perez, Jose"]
[Black "Pogorelov, Ruslan"]
[Result "1/2-1/2"]
[WhiteElo "2432"]
[BlackElo "2517"]
[PlyCount "131"]
[EventDate "2003.01.18"]
[EventType "swiss"]
[EventRounds "9"]
[EventCountry "ESP"]
[Source "lmi"]
[SourceDate "2003.01.10"]

1. d4 e6 2. c4 Nf6 3. Nc3 Bb4 4. Qc2 O-O 5. a3 Bxc3+ 6. Qxc3 b6 7. Nf3 Ne4 8.
Qc2 Bb7 9. g3 f5 10. Bg2 Nf6 11. O-O Be4 12. Qc3 Nc6 13. b4 Ne7 14. a4 a5 15.
Ba3 axb4 16. Bxb4 d6 17. Rfd1 Qd7 18. Qb3 Rfb8 19. Ne5 Qe8 20. f3 Bb7 21. Nd3
Nc6 22. Nb2 Nxb4 23. Qxb4 e5 24. d5 Bc8 25. Ra3 h5 26. Qd2 Qg6 27. Kf2 h4 28.
Rg1 Qh5 29. Nd3 Bd7 30. Rga1 Rf8 31. a5 bxa5 32. Rxa5 Ne4+ 33. fxe4 fxe4+ 34.
Kg1 Rxa5 35. Rxa5 exd3 36. Qxd3 Bg4 37. Ra2 h3 38. Be4 Qf7 39. e3 g5 40. Rb2
Qf6 41. Qb1 Kg7 42. Qe1 Bf3 43. Rf2 Bxe4 44. Rxf6 Rxf6 45. Qe2 Kg6 46. Qd1 Bg2
47. Qd3+ e4 48. Qd1 Rf3 49. Qe1 Kf7 50. Qe2 Ke7 51. g4 Kd7 52. Qe1 c6 53. Qa1
cxd5 54. cxd5 Rf1+ 55. Qxf1 Bxf1 56. Kxf1 Ke7 57. Kf2 Kf6 58. Kg3 Ke5 59. Kxh3
Kxd5 60. Kg3 Ke5 61. h4 gxh4+ 62. Kxh4 d5 63. Kg3 d4 64. exd4+ Kxd4 65. Kf2 e3+
66. Ke2 1/2-1/2

[Event "28. Abierto Ciudad de Sevilla"]
[Site "Sevilla ESP"]
[Date "2003.01.13"]
[Round "4"]
[White "Cifuentes Parada, Roberto"]
[Black "Zhao, Jun"]
[Result "1-0"]
[WhiteElo "2506"]
[BlackElo "2421"]
[PlyCount "103"]
[EventDate "2003.01.18"]
[EventType "swiss"]
[EventRounds "9"]
[EventCountry "ESP"]
[Source "lmi"]
[SourceDate "2003.01.10"]

1. Nf3 Nf6 2. c4 e6 3. d4 c5 4. e3 Be7 5. Nc3 O-O 6. Be2 cxd4 7. exd4 d5 8. O-O
Nc6 9. Re1 b6 10. Ne5 Nxe5 11. dxe5 Ne4 12. Nxe4 dxe4 13. Qxd8 Rxd8 14. Be3 Bb7
15. Red1 f6 16. exf6 gxf6 17. a3 f5 18. b4 Bc6 19. b5 Be8 20. a4 e5 21. g3 Bd6
22. Bg5 Rd7 23. a5 Rb8 24. axb6 axb6 25. Be3 f4 26. Bg4 fxe3 27. Bxd7 exf2+ 28.
Kxf2 Bc5+ 29. Kg2 Bd4 30. Be6+ Bf7 31. Bxf7+ Kxf7 32. Ra7+ Ke6 33. Rxh7 Kd6 34.
Rh4 Kc5 35. Rxe4 Kxc4 36. h4 Kxb5 37. h5 Kc4 38. h6 Rh8 39. Rh4 Kc3 40. h7 b5
41. Kf3 Kc2 42. Rhh1 b4 43. Ke4 Bc3 44. Rc1+ Kb2 45. Rcf1 Ka3 46. g4 Bd2 47.
Rf2 Bf4 48. Rxf4 exf4 49. g5 b3 50. g6 b2 51. Kxf4 Rc8 52. Rb1 1-0

[Event "28. Abierto Ciudad de Sevilla"]
[Site "Sevilla ESP"]
[Date "2003.01.13"]
[Round "4"]
[White "Maus, Siegfried"]
[Black "Cheparinov, Ivan"]
[Result "0-1"]
[WhiteElo "2280"]
[BlackElo "2478"]
[PlyCount "100"]
[EventDate "2003.01.18"]
[EventType "swiss"]
[EventRounds "9"]
[EventCountry "ESP"]
[Source "lmi"]
[SourceDate "2003.01.10"]

1. d4 Nf6 2. Nf3 g6 3. Bg5 Bg7 4. Nbd2 O-O 5. e3 d6 6. c3 Nbd7 7. Bd3 e5 8. O-O
h6 9. Bh4 Qe8 10. Qb1 b6 11. dxe5 dxe5 12. Bxf6 Nxf6 13. e4 Nh5 14. Bc4 Nf4 15.
a4 a6 16. Rd1 Qe7 17. Nf1 Bg4 18. N1d2 Kh8 19. Re1 Qd7 20. Bf1 Rfd8 21. Re3 b5
22. axb5 axb5 23. Rxa8 Rxa8 24. Nb3 Rd8 25. Nfd2 h5 26. g3 Nh3+ 27. Kg2 Qc6 28.
Rd3 Rf8 29. Qe1 Be6 30. Qe3 f5 31. Qc5 Qa8 32. f3 fxe4 33. Nxe4 Bxb3 34. Kxh3
Qa1 35. Qf2 Bc4 36. Kg2 Bxd3 37. Bxd3 Ra8 38. Qd2 Qa6 39. Qe2 Rb8 40. Ng5 Qf6
41. Ne4 Qb6 42. Ng5 Bf6 43. h4 Kg7 44. b4 Qc6 45. Ne4 Be7 46. Kh2 Qd5 47. Kg2
Ra8 48. c4 bxc4 49. Bxc4 Qd4 50. b5 Ra4 0-1

[Event "28. Abierto Ciudad de Sevilla"]
[Site "Sevilla ESP"]
[Date "2003.01.13"]
[Round "4"]
[White "Wang, Yu"]
[Black "Rustemov, Alexander"]
[Result "0-1"]
[WhiteElo "2359"]
[BlackElo "2604"]
[PlyCount "145"]
[EventDate "2003.01.18"]
[EventType "swiss"]
[EventRounds "9"]
[EventCountry "ESP"]
[Source "lmi"]
[SourceDate "2003.01.10"]

1. e4 e6 2. d4 d5 3. Nd2 Nf6 4. e5 Nfd7 5. f4 c5 6. c3 Nc6 7. Ndf3 Qa5 8. Ne2
c4 9. g3 g6 10. Bg2 b5 11. O-O Nb6 12. Ng5 h6 13. Nh3 b4 14. Nf2 h5 15. Nh3 Bd7
16. Ng5 Rb8 17. h3 Be7 18. Qc2 Qa4 19. Qb1 bxc3 20. Nxc3 Qa5 21. Be3 Na4 22.
Nxa4 Qxa4 23. Rf2 Rb4 24. Bxd5 exd5 25. e6 Bxe6 26. Nxe6 fxe6 27. Qxg6+ Kd8 28.
Qxe6 Rb7 29. f5 Re8 30. f6 Bf8 31. Qxd5+ Rd7 32. Qg5 Kc7 33. f7 Red8 34. Qxh5
Nxd4 35. Qe5+ Kb7 36. Raf1 Nc6 37. Qe4 Re7 38. Qf3 Rd3 39. Re2 Qxa2 40. Qf2 Qb3
41. Rfe1 c3 42. bxc3 Qxf7 43. Rb1+ Kc8 44. Bf4 Rxe2 45. Qxe2 Qg6 46. Qa2 a5 47.
Qb2 Kd8 48. Qb7 Ke8 49. Re1+ Be7 50. h4 Rxg3+ 51. Bxg3 Qxg3+ 52. Kf1 Qf3+ 53.
Kg1 Qg4+ 54. Kf1 Qf5+ 55. Kg2 Qd5+ 56. Kf1 Qh1+ 57. Kf2 Qxh4+ 58. Kf1 Qf6+ 59.
Kg2 Qg5+ 60. Kf1 Qf5+ 61. Kg1 Qg4+ 62. Kf1 Qf3+ 63. Kg1 Qg3+ 64. Kf1 Qf4+ 65.
Kg1 Qg5+ 66. Kf1 Qf6+ 67. Kg2 Qg6+ 68. Kf1 Kf7 69. Qd7 Qf6+ 70. Kg2 Qg5+ 71.
Kf1 Qf4+ 72. Kg2 Qg4+ 73. Kf1 0-1

[Event "28. Abierto Ciudad de Sevilla"]
[Site "Sevilla ESP"]
[Date "2003.01.13"]
[Round "4"]
[White "Tissir, Mohamed"]
[Black "Lenhert, Steven"]
[Result "1-0"]
[WhiteElo "2366"]
[BlackElo "1800"]
[PlyCount "195"]
[EventDate "2003.01.18"]
[EventType "swiss"]
[EventRounds "9"]
[EventCountry "ESP"]
[Source "lmi"]
[SourceDate "2003.01.10"]

1. e4 c6 2. c4 e5 3. Nf3 d6 4. d4 Nd7 5. Nc3 Ngf6 6. Be2 g6 7. O-O Bg7 8. b3
O-O 9. Ba3 Qa5 10. Bb2 a6 11. a3 exd4 12. Nxd4 c5 13. Nc2 Nxe4 14. Nxe4 Bxb2
15. Rb1 Bg7 16. Qxd6 Be5 17. Qe7 Qd8 18. Qxd8 Rxd8 19. Rbd1 Re8 20. Bf3 Rb8 21.
Rfe1 Kf8 22. Rd5 b6 23. Red1 Re7 24. b4 f5 25. Nd6 Nf6 26. Nxc8 Rxc8 27. Rd8+
Rxd8 28. Rxd8+ Re8 29. Rd3 cxb4 30. Nxb4 Bb2 31. g3 Re1+ 32. Kg2 Rc1 33. Rd6
Rxc4 34. Rxb6 Ne4 35. Nd5 Bxa3 36. Rxa6 Bc5 37. Rc6 Rc2 38. Bxe4 fxe4 39. Ne3
Rc1 40. Ng4 Rc2 41. Kh3 Rc1 42. Rc8+ Ke7 43. Rc7+ Ke6 44. Rxh7 Bd4 45. Rb7 Rc2
46. Rb8 Bxf2 47. Re8+ Kf7 48. Rxe4 Bg1 49. Rb4 Ra2 50. Rb7+ Ke6 51. Rg7 Kf5 52.
Rf7+ Kg5 53. Rf1 Ba7 54. Ne5 Rf2 55. Rd1 Rf5 56. Ng4 Ra5 57. Rf1 Rf5 58. Ra1
Bd4 59. Ra4 Rd5 60. Rb4 Kh5 61. Rb7 Kg5 62. Rf7 Bg1 63. Rf1 Ba7 64. Nf6 Ra5 65.
Ne4+ Kh6 66. Rf7 Ra4 67. Re7 Ra2 68. Kg4 Bd4 69. h4 Bg7 70. Re6 Ra5 71. Nd6 Kh7
72. Re7 Re5 73. Rb7 Kg8 74. Nf7 Rf5 75. Ng5 Bf6 76. Rb8+ Kg7 77. Ne6+ Kf7 78.
Nf4 Re5 79. Rb7+ Re7 80. Rb6 Rd7 81. Ra6 Kg7 82. h5 g5 83. Ne6+ Kh6 84. Nf4 Kg7
85. Ne6+ Kh6 86. Nxg5 Rd4+ 87. Kf5 Kxh5 88. Rxf6 Rd5+ 89. Kf4 Rxg5 90. Rf5
Rxf5+ 91. Kxf5 Kh6 92. g4 Kh7 93. Kf6 Kh6 94. g5+ Kh7 95. Kf7 Kh8 96. Kg6 Kg8
97. Kh6 Kh8 98. g6 1-0

[Event "28. Abierto Ciudad de Sevilla"]
[Site "Sevilla ESP"]
[Date "2003.01.14"]
[Round "4"]
[White "Vela Ignacio, Jose Manuel"]
[Black "Lozano Garcia, Antonio"]
[Result "1-0"]
[WhiteElo "2059"]
[BlackElo "1882"]
[PlyCount "40"]
[EventDate "2003.01.18"]
[EventType "swiss"]
[EventRounds "9"]
[EventCountry "ESP"]
[Source "lmi"]
[SourceDate "2003.01.10"]

1. e4 e6 2. d3 d5 3. Nd2 Nf6 4. Ngf3 c5 5. g3 Nc6 6. Bg2 Be7 7. O-O O-O 8. Re1
b6 9. e5 Nd7 10. Nf1 Bb7 11. h4 h6 12. N1h2 Qc7 13. Bf4 d4 14. Ng4 Qd8 15. Nxd4
cxd4 16. Nxh6+ gxh6 17. Qg4+ Kh8 18. Qh5 f5 19. Qxh6+ Kg8 20. Qxe6+ Kh8 1-0

[Event "28. Abierto Ciudad de Sevilla"]
[Site "Sevilla ESP"]
[Date "2003.01.14"]
[Round "5"]
[White "Cheparinov, Ivan"]
[Black "Cifuentes Parada, Roberto"]
[Result "1/2-1/2"]
[WhiteElo "2478"]
[BlackElo "2506"]
[PlyCount "56"]
[EventDate "2003.01.18"]
[EventType "swiss"]
[EventRounds "9"]
[EventCountry "ESP"]
[Source "lmi"]
[SourceDate "2003.01.10"]

1. e4 c5 2. Nf3 Nc6 3. d4 cxd4 4. Nxd4 Nf6 5. Nc3 d6 6. Bg5 Bd7 7. Qd2 Rc8 8.
f4 h6 9. Bxf6 gxf6 10. O-O-O Nxd4 11. Qxd4 Qa5 12. Be2 Qc5 13. Qd3 Bg7 14. Qf3
Kf8 15. f5 h5 16. Kb1 h4 17. Qh3 Bc6 18. Bd3 a6 19. Rhe1 b5 20. Nd5 Bxd5 21.
exd5 Qxd5 22. Re2 Rc7 23. Rde1 Qc5 24. Re4 Qf2 25. R1e2 Qg1+ 26. Re1 Qf2 27.
R1e2 Qg1+ 28. Re1 Qf2 1/2-1/2

[Event "28. Abierto Ciudad de Sevilla"]
[Site "Sevilla ESP"]
[Date "2003.01.14"]
[Round "5"]
[White "Lalic, Bogdan"]
[Black "Mellado Triviño, Juan"]
[Result "1/2-1/2"]
[WhiteElo "2547"]
[BlackElo "1922"]
[PlyCount "31"]
[EventDate "2003.01.18"]
[EventType "swiss"]
[EventRounds "9"]
[EventCountry "ESP"]
[Source "lmi"]
[SourceDate "2003.01.10"]

1. d4 d5 2. c4 c6 3. Nf3 Nf6 4. Nc3 dxc4 5. a4 c5 6. e4 cxd4 7. Qxd4 Qxd4 8.
Nxd4 e5 9. Ndb5 Na6 10. Bxc4 Bc5 11. Ke2 Be6 12. Bxe6 fxe6 13. Rd1 Ke7 14. Be3
Bxe3 15. Kxe3 Nb4 16. Rd2 1/2-1/2